000 00249 a2200097 4500
001 12891
100 _aImtiaz Ahmad
245 _aHow Islam touched their hearts ( International muslim youth)
260 _a
_bMadina Munawwara
_c
090 _c9869
_d9869
942 _aNUST-CAE
_cM
_c36787
999 _c247964
_d247964